01276nam a2200217Ia 4500100001500000650001600015942000700031366000900038654001600047245004000063260003400103082002000137300000800157546001200165999001700177952016800194952019200362952016800554952016800722952016800890 aJoshi/P.H  aPress tools cBK f17.5 apress tools aPress tools:Design and construction bS.Chand and Co.aMumbaic2008 a671.33/JOSbJOS a400 aENGLISH c33824d33824 001040708CRCaCRCEbCRCEd2023-03-17eEducational books and periodicalsg160.88i140 dt 08/01/2009l0o671.33/JOS JOSp19257r2023-03-17v195.00w0000-00-00yBK 001040708CRCaCRCEb1234d2023-03-17eEducational books and periodicalsg160.88i140 dt 08/01/2009l1o671.33/JOS JOSp19258q2015-09-06r2023-06-12s2023-06-12v195.00w0000-00-00yBK 001040708CRCaCRCEbCRCEd2023-03-17eEducational books and periodicalsg160.88i140 dt 08/01/2009l0o671.33/JOS JOSp19259r2023-03-17v195.00w0000-00-00yBK 001040708CRCaCRCEbCRCEd2023-03-17eEducational books and periodicalsg160.88i140 dt 08/01/2009l0o671.33/JOS JOSp19260r2023-03-17v195.00w0000-00-00yBK 001040708CRCaCRCEbCRCEd2023-03-17eEducational books and periodicalsg160.88i140 dt 08/01/2009l0o671.33/JOS JOSp19261r2023-03-17v195.00w0000-00-00yBK